| 000 | 01119nam a22003131i 4500 | ||
|---|---|---|---|
| 001 | bslw10105915 | ||
| 005 | 20240305165657.0 | ||
| 006 | m o d | ||
| 007 | cr un ---uuuua | ||
| 008 | 231121s2023 ck ob 000 0 spa d | ||
| 020 | _a9786289557008 | ||
| 035 | _a40228 | ||
| 040 |
_aUtOrBLW _beng _erda _cUtOrBLW |
||
| 043 | _as-ck--- | ||
| 050 | 4 |
_aKHH1789 _b.C43 2023 |
|
| 082 | 0 | 4 |
_a344.86101 _223 |
| 100 | 1 |
_aChavarro Cadena, Jorge Enrique, _eauthor. |
|
| 245 | 1 | 0 |
_aCartilla laboral y seguridad social : _bejercicios con aplicaciones contables y tributarias / _cJorge Enrique Chavarro Cadena [and 2 others]. |
| 264 | 1 |
_aBogotá, D.C. : _bGrupo Editorial Nueva Legislacion SAS, _c2023. |
|
| 300 | _a1 online resource (xviii, 322 pages) | ||
| 336 |
_atext _btxt _2rdacontent |
||
| 337 |
_acomputer _bc _2rdamedia |
||
| 338 |
_aonline resource _bcr _2rdacarrier |
||
| 504 | _aIncludes bibliographical references. | ||
| 650 | 0 |
_aLabor laws and legislation _zColombia. |
|
| 650 | 0 |
_aSocial security _xLaw and legislation _zColombia. |
|
| 856 | 4 | 0 | _uhttps://app.vlex.com/#/sources/40228 |
| 942 | _cRAA | ||
| 999 |
_c173180 _d173180 |
||